000 01593nam a2200421 i 4500
001 30268
003 KOSZ 005
005 20200803135648.0
008 s1994 pl f |000 0 pol
020 _a8385949879
040 _cKOSZ 005
_aKOSZ 005
_dKOSZ 005/EG
041 0 _apl
080 _a628.3
080 _a504.3
080 _a(075.8)
245 0 0 _aWarsztaty dotyczące modelowania transportu, transformacji i osiadania zanieczyszczeń powietrza w regionie Czarnego Trójkąta /
_coprac.: zespół pod kier. Waldemara Kulaszki w składzie: Bogdan Kobus, Magdalena Kusztal.
260 _aWarszawa :
_bPIOŚ,
_c1994.
300 _a127 s. :
_bmapy, wykr. ;
_c24 cm.
336 _2rdacontent
_aTekst
_btxt
337 _2rdamedia
_aBez urządzenia pośredniczącego
_bn
338 _2rdacarrier
_aWolumin
_bnc
380 _aKsiążki
388 _a1901-2000
388 _a1989-2000
490 1 _aBiblioteka Monitoringu Środowiska / Państwowa Inspekcja Ochrony Środowiska
650 7 _aPowietrze
650 7 _aŚrodowisko człowieka
650 7 _aOchrona
655 7 _aMateriały konferencyjne
658 _aOchrona środowiska
700 1 _aKulaszka, Waldemar
_eOpracowanie
700 1 _aKobus, Bogdan
_eOpracowanie
700 1 _aKusztal, Magdalena
_eAutor
710 2 _aPaństwowa Inspekcja Ochrony Środowiska
_4pbl
830 0 _aBiblioteka Monitoringu Środowiska
856 _uhttp://koha.tu.koszalin.pl/cgi-bin/koha/opac-detail.pl?biblionumber=30268
_yKatalog online BPK
942 _cKS
_2UKD
999 _c30268
_d30268